Statistiken für Bundesliga Teams

Klicken Sie hier um das Quiz zu spielen!

Allgemein

  • Dieses Quiz wurde 110 mal gespielt
  • Das Durchschnittsergebnis liegt bei 14 aus 18

Antwortstatistiken

BundeslandMannschaft% Korrekt
BayernBayern München
96%
BerlinUnion Berlin
96%
Nordrhein-WestfalenBorussia Dortmund
93%
BerlinHertha BSC
89%
SachsenRB Leipzig
89%
Baden-WürttembergVfB Stuttgart
87%
BremenWerder Bremen
85%
HessenEintracht Frankfurt
83%
Nordrhein-WestfalenSchalke 04
82%
Nordrhein-Westfalen1. FC Köln
79%
BayernFC Augsburg
79%
Baden-WürttemburgSC Freiburg
78%
Nordrhein-WestfalenVfL Bochum
73%
NiedersachsenVfL Wolfsburg
72%
Nordrhein-WestfalenBorussia Mönchengladbach
71%
Nordrhein-WestfalenBayer Leverkusen
68%
Rheinland-PfalzFSV Mainz
66%
Baden-WürttembergTSG Hoffenheim
55%

Verteilung der Resultate

Perzentil nach korrekt beantworteten Fragen

Anzahl Personen mit jedem Resultat

Ihre Resultats-Entwicklung

Sie haben dieses Quiz noch nicht gespielt